000 01232cam a2200385 a 4500
001 15969868
003 OSt
005 20140311162956.0
008 091102s2009 enk b 001 0 eng d
010 _a 2009279442
015 _aGBA930100
_2bnb
016 7 _a014937131
_2Uk
020 _a9780230205239 (pbk. : acidfree paper)
020 _a0230205232 (pbk.)
035 _a(OCoLC)ocn298778327
040 _aBTCTA
_cBTCTA
_dYDXCP
_dUKM
_dBWK
_dSUC
_dOCLCQ
_dIAY
_dDLC
042 _alccopycat
050 0 0 _aPN 2049
_b.K45 2009
100 1 _aKelleher, Joe.
245 1 0 _aTheatre & politics /
_cJoe Kelleher.
246 3 _aTheatre and politics
246 3 _aTheater & politics
260 _aHoundmills, Basingstoke, Hampshire [England] ;
_aNew York :
_bPalgrave Macmillan,
_c2009.
300 _a85 p. :
_c18 cm.
490 1 _aTheatre&
504 _aIncludes bibliographical references (p. 77-82) and index.
650 0 _aTheater
_xPolitical aspects.
650 0 _aTheater and state.
830 0 _aTheatre&
906 _a7
_bcbc
_ccopycat
_d2
_encip
_f20
_gy-gencatlg
942 _2lcc
_cBK
_kFOR
999 _c39065
_d39065